Public science & wealth creation in Britain (Record no. 55325)

MARC details
000 -LEADER
fixed length control field 00488nam a2200133 a 4500
008 - FIXED-LENGTH DATA ELEMENTS--GENERAL INFORMATION
fixed length control field 120416s1999 ||||||||||||||||| || u
050 ## - LIBRARY OF CONGRESS CALL NUMBER
Classification number LC 1085 Gri
100 ## - MAIN ENTRY--PERSONAL NAME
Personal name Gristock, Jenny
245 10 - TITLE STATEMENT
Title Public science & wealth creation in Britain
260 ## - PUBLICATION, DISTRIBUTION, ETC.
Place of publication, distribution, etc. London
Name of publisher, distributor, etc. The British Council
Date of publication, distribution, etc. 1999
300 ## - PHYSICAL DESCRIPTION
Extent 31p. : ill.
350 ## - PRICE (NR) (BK AM CF MU VM SE) [OBSOLETE]
Price 0.00
995 ## - RECOMMENDATION 995 [LOCAL, UNIMARC FRANCE]
-- 0.00
-- CBU-MAIN LIBRARY (Kitwe)
-- 1
-- 0.00
-- 1
-- AVAILABLE
-- Annex Low-Usage Collection
Holdings
Withdrawn status Lost status Source of classification or shelving scheme Damaged status Not for loan Home library Current library Shelving location Date acquired Total Checkouts Full call number Barcode Date last seen Price effective from Koha item type
          CBU-MAIN LIBRARY, KITWE. CBU-MAIN LIBRARY, KITWE.   11/30/2022   LC 1085 Gri 028405 11/30/2022 11/30/2022 MONOGRAPH